Karl Marx. Su pensamiento y su revolución. Con el texto completo de la Encíclica Divini Redemptoris.
-д хадгалсан:
| Үндсэн зохиолч: | |
|---|---|
| Формат: | Ном |
| Хэл сонгох: | испани |
| Хэвлэсэн: |
Santiago, Chile:
Covadonga,
1983.
|
| Нөхцлүүд: | |
| Шошгууд: |
Шошго нэмэх
Шошго байхгүй, Энэхүү баримтыг шошголох эхний хүн болох!
|
MARC
| LEADER | 00000nam a2200000 a 4500 | ||
|---|---|---|---|
| 001 | UCJ8168 | ||
| 003 | CL-VaPUC | ||
| 005 | 20220830074200.0 | ||
| 008 | 070124e19700000CL |||||||||||||||||spa|d | ||
| 999 | |c 323962 |d 323960 | ||
| 040 | |c Pontificia Universidad Católica de Valparaíso | ||
| 082 | 0 | 4 | |a 335.4 POR 1970 |2 21 |
| 100 | 0 | |a Poradowski Bienecka, Miguel |e autor |9 516877 | |
| 245 | 1 | 0 | |a Karl Marx. |b Su pensamiento y su revolución. Con el texto completo de la Encíclica Divini Redemptoris. |
| 260 | |a Santiago, Chile: |b Covadonga, |c 1983. | ||
| 300 | |a 288 páginas. | ||
| 500 | |a c.2 Donación Familia Prof. Alejandro Guzmán Brito. El R. P. Poradowski fue profesor de Filosofía y Cultura religiosa en nuestra Universidad entre los años 1952 y 1980. Su intransable anticomunismo, recordemos que era polaco, le significó múltiples problemas; creó y publicó la revista Estudios sobre el comunismo. | ||
| 583 | |a last modification |c 20130912 04:26:22 |k Rodrigo Vera | ||
| 600 | 0 | 7 | |a PAPA PIO XI |2 CL-VaPUC |9 516878 |
| 650 | 7 | |a MARXISMO |2 CL-VaPUC |9 516879 | |
| 650 | 0 | |a Teología de la liberación |9 255471 | |
| 650 | 0 | |a Documentos pontificios |9 255642 | |
| 650 | 0 | |a Encíclicas papales |9 314532 | |
| 650 | 0 | |a Académicos |x Pontificia Universidad Católica de Valparaíso (PUCV) |9 255553 | |
| 650 | 7 | |a DIVINI REDEMPTORIS |2 CL-VaPUC |9 516880 | |
| 942 | |c BK |2 ddc |n 0 | ||
| 945 | |d 20070124 00:00:00 |a rinostro | ||
| 952 | |0 0 |1 0 |4 0 |6 335_400000000000000_POR_1970 |7 0 |8 X |9 403835 |a FDOBUD |b FDOBUD |d 2019-11-22 |i 1073915 |o 335.4 POR 1970 |p 1073915 |r 2019-11-22 |w 2019-11-22 |y BK_X |k BUD | ||
| 952 | |0 0 |1 0 |2 ddc |4 0 |6 335_400000000000000_POR_1983 |7 1 |8 C_AGB |9 579968 |a BIBDER |b BIBDER |d 2021-12-29 |e Donación |i 563282K |o 335.4 POR 1983 |p 563282K |r 2023-01-25 |t 2 |w 2021-12-29 |y BK_US |k AGB | ||